000 00256nam a2200109Ia 4500
008 200302s9999 xx 000 0 und d
100 _aKenneth Frampton & other
245 _aLe Corbusier
260 _bThames and Hudson Ltd.
260 _c2001
300 _a240
999 _c5837
_d5837